| 000 | 00635nam a2200169 a 4500 | ||
|---|---|---|---|
| 001 | 000031869 | ||
| 005 | 20200930063238.0 | ||
| 008 | 110707s2009 dr a 000 0 spa d | ||
| 040 |
_aDO-SdBNP _bspa _cBNPHU |
||
| 082 |
_axxxx _bD568 |
||
| 245 | 0 | 0 | _a10 insecticidas orgánicos. |
| 246 | 0 | 3 | _aDiez insecticidas orgánicos |
| 260 |
_a[Santo Domingo] : _bARAUCARIA XXl, Programa de Cooperción Española para la Concervación de la Biodiversidad y el Desarrollo Sostenible en Iberoamerica, _c[2009?]. |
||
| 300 |
_a[20 p.] ; _c12 cm. |
||
| 500 | _aFolleto para el uso de los agricultores de la cuenca del Rio Perdenales | ||
| 049 | _aBNPD | ||
| 999 |
_c31361 _d31361 |
||